00481nam a2200109Ia 4500008004100000050002400041100002200065245014800087260008600235300002000321521003000341140724s9999 xx 000 0 und d aHF 5549b.T929 2014 aTurallo, Hedel P. aFactors affecting career choices of Southville International School and Colleges BSBA - Human Resource Management Students /cHedel P. Turallo. aLas Piñas, Philippines :bSouthville International School and Colleges,cc2014. a77 p. :c28 cm. aHuman Resource Management